书目信息 |
| 书名: | The Frontiers of Being | |
| 作者: | Duncan B. Blewett. | |
| 分册号: | ||
| 分册名: | 出版地: |
|
| 出版社: | ||
| 出版时间: | ||
| 页数: | 288 p. ; | |
| 开本: | 20cm. | |
| 丛书名: | ||
| 中图分类号: | ||
| 科图分类号: | ||
| 其他分类号: | B151 | |
| 主题词: | ||
| 电子资源: | ||
| 000 | 00298nam 2200121 a 4500 | |
| 001 | E0753639366 | |
| 005 | 20070321145824.15 | |
| 008 | 070321s 00010 eng | |
| 040 | @aPFT@beng | |
| 090 | @aB151 | |
| 099 | @dB151@ex2 | |
| 245 | 1 | @aThe Frontiers of Being / @cDuncan B. Blewett. |
| 300 | @a288 p. ;@c20cm. | |
| The Frontiers of Being / / Duncan B. Blewett. |
| 288 p. ; ; 20cm. |
| ISBN |
| ● |
| 相关链接 |
|
|
|
|
正题名:The Frontiers of Being
索取号:B151/x2
 
预约/预借
| 序号 | 登录号 | 条形码 | 馆藏地/架位号 | 状态 | 备注 |
| 1 | 0002799 | 300027995 | 第二样本阅览室/ [索取号:B151/x2] | 在馆 |